Química general e inorgánica /

Guardado en:
Autor Principal: Beguet, Adolfo
Formato: Libro
Publicado: Buenos Aires : Cesarini, 1978
Edición:8a. ed.
Materias:
Etiquetas: Agregar Etiqueta
Sin Etiquetas, Sea el primero en etiquetar este registro!
LEADER 00451nam a22001695a 4500
001 CEM.cems000924
005 20080428191533.0
008 130507s1978##################000#0#####d
003 CEMS
082 0 4 |a 540 
100 1 |a Beguet, Adolfo 
245 1 0 |a Química general e inorgánica / 
250 |a 8a. ed. 
260 |a Buenos Aires :  |b Cesarini,  |c 1978 
300 |a 366 p. 
653 |a Quimica 
859 |a CEMS  |b BIB. CEMS - 11 de abril  |h 540  |i B394a8  |p 7854.80  |t Ej.1  |v I  |3 I